Calcul - Doublez le chiffre 2 - Statistiques

Statistiques générales
  • Ce quiz a été pris 1 377 fois
  • Le résultat moyen est 14 sur 20
Statistiques - réponses
Réponse % Correct
2
100%
4
100%
16
98%
8
98%
32
97%
64
97%
128
95%
256
93%
1024
90%
512
90%
2048
89%
4096
84%
8192
74%
16384
61%
32768
51%
65536
37%
131072
25%
262144
22%
524288
17%
1048576
11%
Aucun quiz correspondant
Distribution des résultats
% des personnes avec chaque résultat
Percentile par nombre de réponses
Votre historique - résultats
Vous n’avez pas pris ce quiz